000 00299cam a22001097a 4500
008 180718b1954 xxu||||| |||| 00| 0 eng d
082 _aT068x54 In2/5-6
100 _aLahiri, D.B.
245 _aNational sample survey
_cby D.B. Lahiri
260 _aNew Delhi
_bGovernment of India
_c1954
300 _a155p
999 _c420926
_d420926